|
|
|
|
| LEADER |
00000nam0a2200000 4500 |
| 001 |
273516 |
| 005 |
20231101234634.0 |
| 020 |
|
|
|a RU
|b 87-32739
|
| 035 |
|
|
|a (RuTPU)RU\TPU\book\296725
|
| 090 |
|
|
|a 273516
|
| 100 |
|
|
|a 20141027d1987 m y0rusy5003 ca
|
| 101 |
0 |
|
|a rus
|
| 102 |
|
|
|a RU
|
| 105 |
|
|
|a a j 000zy
|
| 200 |
1 |
|
|a Технология изготовления деталей движения двигателей
|e учебное пособие
|f Е. П. Самсонов, А. Л. Красный
|g Северо-Западный заочный политехнический институт (СЗПИ)
|
| 210 |
|
|
|a Ленинград
|c Изд-во СЗПИ
|d 1987
|
| 215 |
|
|
|a 43 с.
|c ил.
|
| 606 |
1 |
|
|a Двигатели
|2 stltpush
|3 (RuTPU)RU\TPU\subj\50891
|9 33077
|
| 610 |
1 |
|
|a двигатели дизеля
|
| 610 |
1 |
|
|a производство
|
| 610 |
1 |
|
|a учебные пособия
|
| 610 |
1 |
|
|a изготовление
|
| 610 |
1 |
|
|a шатуны
|
| 610 |
1 |
|
|a коленчатый вал
|
| 675 |
|
|
|a 621.432.3(075.4)
|z rus
|v 4
|
| 700 |
|
1 |
|a Самсонов
|b Е. П.
|g Евгений Павлович
|4 070
|
| 701 |
|
1 |
|a Красный
|b А. Л.
|g Адольф Лазаревич
|4 070
|
| 712 |
0 |
2 |
|a Северо-Западный заочный политехнический институт (СЗПИ)
|c (Ленинград)
|2 stltpush
|3 (RuTPU)RU\TPU\col\2602
|
| 801 |
|
0 |
|a RU
|b RuMRKP
|c 19950417
|g psbo
|
| 801 |
|
1 |
|a RU
|b 63413507
|c 20141027
|
| 801 |
|
2 |
|a RU
|b 63413507
|c 20170113
|g RCR
|
| 942 |
|
|
|c BK
|